02020njm a2200337Ia 4500001000600000003000900006005001700015008004100032040001300073040001300086041001300099100001100112100001800123100003800141245001800179250001100197260001100208260007400219300001700293300003000310500003800340505026000378650006300638700005700701700022400758700020100982700020301183700012501386700007401511700009701585G0077IT-RoPAU20220918181139.0131025s9999 xx 000 0 und d aIT-RoPAU cIT-RoPAU aITALIANO aAA.VV. eAutore musica gCodice autore musica SPICS: 12000 aSenza pietà a1a ed. aITALIA bSONY MUSIC ENTERTAINMENTc1999 [1a Ed.:1999 - Ed. Lingua Orig.: 1999] aCOMPACT DISC c54 minuti (Testo: 0 pag.) aMusica leggera. Canzone italiana. aLe stagioni dei disinganni (5:00) - Verrai (5:00) - Senza pietà (5:00) - Chissà (5:00) - Camminando camminando (6:00) - Luci e ombre (5:00) - Come dirsi ciao (6:00) - Che cosa dire di te (6:00) - Il Dio della luna (5:00) - Don't Cry, Sweet Love (6:00) aCANZONE ITALIAN [COMPACT DISC]eCodice MATERIA SPICS: 9949 aOxa AnnagCodice interprete SPICS: 11051eInterprete aSalerno AlbertogCodice autore musica SPICS: 440104Autore musicapLe stagioni dei disinganni - Verrai - Senza pietà - Camminando camminando - Luci e ombre - Come dirsi ciao - Il Dio della luna - Don't Cry, Sweet Love aZanotti FiogCodice autore SPICS: 23585eAutorepLe stagioni dei disinganni - Verrai - Chissà - Camminando camminando - Luci e ombre - Come dirsi ciao - Il Dio della luna - Don't Cry, Sweet Love aBelleno GiannigCodice autore testo/musica SPICS: 23680eAutore testo/musicapLe stagioni dei disinganni - Chissà - Camminando camminando - Luci e ombre - Il Dio della luna - Don't Cry, Sweet Love aGuidetti ClaudiogCodice autore testo/musica SPICS: 53443eAutore testo/musicapVerrai - Senza pietà - Come dirsi ciao aKaballàgCodice autore musica SPICS: 53341eAutore musicapChissà aScudieri DavidegCodice autore testo/musica SPICS: 53444eAutore musicapChe cosa dire di te